| 000 | 01779nam0a2200361 4500 | ||
|---|---|---|---|
| 001 | RU\NLR\bibl\282260 | ||
| 005 | 20260406205200.0 | ||
| 021 |
_aRU _b2002-9454 _9467 |
||
| 035 | _a(NLR Aleph) 000277719 | ||
| 090 |
_a1624792 _c1624792 |
||
| 100 | _a20020618d2000 |||y0rusy50 ca | ||
| 101 | 0 | _arus | |
| 102 | _aRU | ||
| 105 | _ay ||||||||| | ||
| 200 | 1 |
_aУровни и тенденции изменения видового состава и внутрипопуляционной структуры, ареалы комплексов вредных и полезных организмов и прогноз опасных фитосанитарных ситуаций по зонам страны _fРос. акад. с.-х. наук, Отд-ние защиты растений _g[Под ред. акад. РАСХН К. В. Новожилова, акад. РАСХН В. А. Захаренко] |
|
| 210 |
_aСПб. _cБ. и. _d2000 |
||
| 215 |
_a100 с. _d21 |
||
| 606 | 0 |
_aФитосанитария _92210048 _3RU\NLR\auth\661327641 |
|
| 610 | 0 | _aЗащита растений | |
| 610 | 0 | _aСельскохозяйственные культуры - Болезни и вредители - Наблюдения и прогноз | |
| 675 |
_a632.913(470) _v3 _zrus |
||
| 686 |
_a68.37 _2rugasnti |
||
| 686 |
_a44 _2rubbk |
||
| 686 | _aП415.1 | ||
| 702 | 1 |
_aНовожилов _bК. В. _4340 |
|
| 712 | 0 | 2 |
_4570 _aРоссийская академия сельскохозяйственных наук _bОтделение защиты растений _9427738 _3RU\NLR\AUTH\889965738 |
| 801 | 0 |
_aRU _bRKP _c20020618 _gPSBO |
|
| 801 | 1 |
_aRU _bRKP _c20020618 |
|
| 801 | 2 |
_aRU _bNLR _c20030227 _grcr |
|
| 942 | _cBOOK | ||
| 980 | _aNB | ||